Statistiques concernant Les animaux et leurs petits

Cliquez ici pour prendre le quiz!

Statistiques générales

  • Ce quiz a été pris 307 fois
  • Le résultat moyen est 28 sur 47

Statistiques - réponses

CouplePetit% Correct
chat-chattechaton
96%
coq-poulepoussin
95%
chien-chiennechiot
94%
lion-lionnelionceau
94%
canard-canecaneton
92%
girafegirafeau
91%
ours-ourseourson
91%
éléphant-éléphanteéléphanteau
89%
aigleaiglon
87%
loup-louvelouveteau
87%
taureau-vacheveau
85%
cheval-jumentpoulain
84%
baleinebaleineau
83%
renard-renarderenardeau
83%
cerf-bichefaon
81%
bélier-brebisagneau
77%
lapin-lapinelapereau
77%
grenouille et crapaudtétard
74%
sanglier-laiemarcassin
73%
âne-ânesseânon
72%
bouc-chèvrechevreau
72%
sourissouriceau
69%
buffle-bufflonnebufflon
68%
dindon-dindedindonneau
68%
rat-rateraton
68%
porc-truieporcelet
63%
pigeon-pigeonnepigeonneau
62%
oiseau-oiselleoisillon
60%
chameau-chamellechamelon
48%
pintadepintadeau
48%
serpentserpenteau
47%
cigognecigogneau
45%
merle-merlettemerleau
45%
bécassebécasseau
42%
jars-oieoison
41%
perdrixperdreau
40%
paon-paonnepaonneau
38%
poissonalevin
24%
héron-héronehéronneau
23%
faisan-faisanefaisandeau
22%
hirondellehirondeau
22%
caillecailleteau
10%
corbeaucorbillat
7%
phoqueblanchon
6%
lièvre-haselevraut
6%
moineau-moinellemoinet
6%
corneillecorneillard
2%

Distribution des résultats

Percentile par nombre de réponses

% des personnes avec chaque résultat

Votre développement - résultats

Vous n’avez pas pris ce quiz